[Event "Moscow Dvorkovich Cup U16 4th"]
[Site "Moscow"]
[Date "2009.06.26"]
[Round "11"]
[White "Chen, Peng"]
[Black "Kanarek, Marcel"]
[Result "1-0"]
[WhiteElo "2206"]
[BlackElo "2406"]
[PlyCount "143"]
[EventDate "2009.06.20"]
[EventType "team-tourn"]
[EventRounds "14"]
[EventCountry "RUS"]
[SourceTitle "CBM 131 Extra"]
[Source "ChessBase"]
[SourceDate "2009.09.03"]
[SourceVersion "2"]
[SourceVersionDate "2009.09.16"]
[SourceQuality "1"]

1. e4 c5 2. Nf3 Nc6 3. Bb5 e6 4. Bxc6 bxc6 5. d3 Ne7 6. 0-0 Ng6 7. Ng5 f6 8. Nh3 d5 9. Qh5 Bd6 10. f4 0-0 11. c4 Be7 12. Qe2 f5 13. e5 a5 14. Kh1 a4 15. Na3 Nh8 16. Be3 Nf7 17. Rac1 d4 18. Bd2 Kh8 19. Rc2 Rg8 20. Bc1 Bd7 21. Nb1 Be8 22. Nd2 h6 23. g4 g6 24. Rg1 Bd7 25. gxf5 gxf5 26. Qh5 Rxg1+ 27. Nxg1 Qg8 28. Ndf3 Qh7 29. Rg2 Rg8 30. Bd2 Be8 31. Qh3 Rg4 32. Rxg4 fxg4 33. Qxg4 Nd8 34. f5 exf5 35. Qh3 Kg7 36. Ne2 Ne6 37. Ng3 Bg6 38. Nh4 Bg5 39. Ngxf5+ Bxf5 40. Nxf5+ Kh8 41. Bxg5 hxg5 42. Qg4 Qg6 43. h4 Nf4 44. hxg5 Ne6 45. Qh4+ Qh7 46. Qh6 Nxg5 47. Qxh7+ Kxh7 48. Kg2 Ne6 49. Kf3 Kg6 50. Ne7+ Kg5 51. Ke4 Kg4 52. Nxc6 Ng5+ 53. Kd5 Kf3 54. e6 Nh7 55. Kxc5 Ke3 56. Ne5 Nf6 57. e7 Ne8 58. Kc6 Kf4 59. Kd7 Nf6+ 60. Ke6 Ne8 61. Nf7 Ng7+ 62. Kd7 Ke3 63. Ne5 Kf4 64. e8Q Nxe8 65. Kxe8 Kxe5 66. Kd7 Kf4 67. c5 Ke3 68. c6 Kxd3 69. c7 Kc2 70. c8Q+ Kxb2 71. Qc4 Ka3 72. Qxd4 1-0

[Event "Moscow Dvorkovich Cup U16 4th"]
[Site "Moscow"]
[Date "2009.06.25"]
[Round "9"]
[White "Chen, Peng"]
[Black "Dubov, Daniil"]
[Result "0-1"]
[WhiteElo "2206"]
[BlackElo "2125"]
[PlyCount "103"]
[EventDate "2009.06.20"]
[EventType "team-tourn"]
[EventRounds "14"]
[EventCountry "RUS"]
[SourceTitle "CBM 131 Extra"]
[Source "ChessBase"]
[SourceDate "2009.09.03"]
[SourceVersion "2"]
[SourceVersionDate "2009.09.16"]
[SourceQuality "1"]

1. e4 c5 2. Nf3 d6 3. d4 cxd4 4. Nxd4 Nf6 5. Nc3 Nc6 6. Bg5 e6 7. Qd2 a6 8. 0-0-0 Bd7 9. f3 Qc7 10. g4 h5 11. gxh5 Rxh5 12. h4 Be7 13. Be2 0-0-0 14. f4 Rhh8 15. Kb1 Kb8 16. Qe3 Rc8 17. e5 Ne8 18. Bxe7 Nxe7 19. h5 Nc6 20. Rhg1 dxe5 21. Nxc6+ Bxc6 22. fxe5 f6 23. exf6 Nxf6 24. Rg5 Rce8 25. Rdg1 Re7 26. Re5 Rhe8 27. Bd3 Nd5 28. Qd4 Nxc3+ 29. Qxc3 Qb6 30. Rge1 Bd5 31. b3 Rc8 32. Qd2 Rec7 33. Qf4 Ka8 34. Rg5 Rc3 35. Kb2 Qa5 36. Qe3 Qc7 37. Re2 a5 38. Qd4 Qd8 39. Rxg7 Qh8 40. Qe5 a4 41. Rh7 Qf8 42. Qd4 a3+ 43. Kc1 Qf1+ 44. Kd2 Rxc2+ 45. Bxc2 Rxc2+ 46. Kxc2 Qxe2+ 47. Kc3 Qb2+ 48. Kd3 Qb1+ 49. Kc3 Qxh7 50. Qa4+ Kb8 51. Qxa3 Qh8+ 52. Kd3 0-1

[Event "Moscow Dvorkovich Cup U16 4th"]
[Site "Moscow"]
[Date "2009.06.23"]
[Round "8"]
[White "Chen, Peng"]
[Black "Zherebukh, Yaroslav"]
[Result "0-1"]
[WhiteElo "2206"]
[BlackElo "2553"]
[PlyCount "68"]
[EventDate "2009.06.20"]
[EventType "team-tourn"]
[EventRounds "14"]
[EventCountry "RUS"]
[SourceTitle "CBM 131 Extra"]
[Source "ChessBase"]
[SourceDate "2009.09.03"]
[SourceVersion "2"]
[SourceVersionDate "2009.09.16"]
[SourceQuality "1"]

1. e4 e5 2. Nf3 Nc6 3. Bc4 Nf6 4. d3 Bc5 5. 0-0 d6 6. c3 Bb6 7. Nbd2 0-0 8. h3 Ne7 9. Bb3 c6 10. d4 Ng6 11. Re1 Re8 12. Bc2 h6 13. Nf1 Be6 14. Ng3 Qd7 15. a4 Rad8 16. a5 Bc7 17. b3 d5 18. exd5 Bxd5 19. Bxg6 Bxf3 20. Qxf3 fxg6 21. dxe5 Bxe5 22. Bf4 Bxf4 23. Qxf4 Qd3 24. Rxe8+ Rxe8 25. Qb4 Nd5 26. Qxb7 Qxc3 27. Rf1 Re7 28. Qc8+ Kh7 29. a6 h5 30. h4 Qf6 31. f3 Qd4+ 32. Rf2 Re1+ 33. Nf1 Rxf1+ 34. Kxf1 Qd1# 0-1